Эффективные методы иодирования ароматических соединений и суперэлектрофильные иодирующие системы. Использование иодаренов в органическом синтезе: автореферат диссертации на соискание ученой степени доктора химических наук; Спец. 02.00.03

Detalles Bibliográficos
Autor Principal: Чайковский В. К. Витольд Казимирович
Autor Corporativo: Томский политехнический университет
Summary:Защита сост. 18.12.02
For_staff_use
Idioma:ruso
Publicado: Томск, [Б. и.], 2002
Subjects:
Formato: MixedMaterials Libro
KOHA link:https://koha.lib.tpu.ru/cgi-bin/koha/opac-detail.pl?biblionumber=44382

MARC

LEADER 00000nam0a2200000 4500
001 44382
005 20231101210857.0
035 |a (RuTPU)RU\TPU\book\46055 
090 |a 44382 
100 |a 20021112d2002 k y0rusy50 ca 
101 0 |a rus 
102 |a RU 
105 |a a dm 001zy 
200 1 |a Эффективные методы иодирования ароматических соединений и суперэлектрофильные иодирующие системы. Использование иодаренов в органическом синтезе  |e автореферат диссертации на соискание ученой степени доктора химических наук   |e Спец. 02.00.03  |f В. К. Чайковский  |g Томский политехнический университет 
210 |a Томск  |c [Б. и.]  |d 2002 
215 |a 40 с.  |c ил. 
300 |a Защита сост. 18.12.02 
320 |a Библиогр.: с. 36-40 (35 назв.) 
371 0 |a For_staff_use 
606 1 |a Ароматические соединения, иодпроизводные  |x Химия  |2 stltpush  |3 (RuTPU)RU\TPU\subj\76584  |9 87587 
610 1 |a органическая химия 
610 1 |a органический синтез 
610 1 |a иодирующие системы 
610 1 |a ароматические соединения 
610 1 |a иодирование 
610 1 |a суперэлектрофильные системы 
610 1 |a биохимия 
610 1 |a медицина 
610 1 |a авторефераты диссертаций 
675 |a 547.53(04)  |v 3 
675 |a 66.094.415(04)  |v 3 
686 |a 02.00.03  |2 oksvnk 
700 1 |a Чайковский  |b В. К.  |c российский химик  |c профессор Томского политехнического университета, доктор химических наук  |f 1951-  |g Витольд Казимирович  |2 stltpush  |3 (RuTPU)RU\TPU\pers\23185 
712 0 2 |a Томский политехнический университет  |2 stltpush  |3 (RuTPU)RU\TPU\col\376 
801 1 |a RU  |b 63413507  |c 20021112  |g PSBO 
801 2 |a RU  |b 63413507  |c 20170628  |g PSBO 
942 |c BK